Caribbean Basin Countries - Statistics

General Stats
  • This quiz has been taken 31 times
  • The average score is 25 of 26
Answer Stats
Answer % Correct
Barbados
100%
Costa Rica
100%
Dominican Republic
100%
Grenada
100%
Honduras
100%
Jamaica
100%
Mexico
100%
Nicaragua
100%
Panama
100%
St Lucia
100%
St Vincent & the Grenadines
100%
Venezuela
100%
Antigua & Barbuda
97%
Bahamas
97%
Belize
97%
Colombia
97%
Cuba
97%
Dominica
97%
Guatemala
97%
Haiti
97%
Trinidad & Tobago
97%
St Kitts & Nevis
93%
United States
93%
France
83%
Netherlands
83%
United Kingdom
83%
No matching quizzes found
Score Distribution
Percent of People with Each Score
Percentile by Number Answered
Your Score History
You have not taken this quiz